000 01020cab a2200421 4500
001 ABS48190
008 090401t1993 xxu||||| |||| 00| 0 eng d
035 _a(Sirsi) u65398
041 _aeng
245 _aKent/Nord/Pas-de-Calais
260 _c1993
350 _a0
490 _aCSW - The Property Week
_v42(10) 11 March 1993, 65-94(14)
650 _aASHFORD
650 _aBP TRAVEL TRADE SERVICES
650 _aCANTERBURY
650 _aCHANNEL TUNNEL
650 _aDISTRIBUTION
650 _aDOVER
650 _aEAST KENT INITIATIVE
650 _aEUROTUNNEL PLC
650 _aFRANCE
650 _aMAIDSTONE
650 _aMEDWAY TOWNS
650 _aNORD
650 _aOFFICES
650 _aPAS DE CALAIS
650 _aPLANNING
650 _aRENTS
650 _aRETAIL
650 _aTESCO
650 _aTONBRIDGE
650 _aTRANSPORT
650 _aTUNBRIDGE WELLS
690 _aPROPERTY-COMMERCIAL PROPERTY-COMMERCIAL PROPERTY MARKET
942 _n0
948 _c04/03/1997
999 _c40779
_d40779